| 000 | 00505nam a2200169 4500 | ||
|---|---|---|---|
| 005 | 20251013095415.0 | ||
| 008 | 251013b |||||||| |||| 00| 0 eng d | ||
| 020 | _a978-1-78125-141-6 | ||
| 040 |
_aNational Science Library _cNational Science Library |
||
| 080 |
_a575.113.1 _bQ6 |
||
| 100 | _aCobb, Metthew | ||
| 245 |
_aLife's greatest secret: _bThe race to crack the genetic code |
||
| 260 |
_aBritain: _bProfile Books LTD., _c2015 |
||
| 300 | _axiv,434p. | ||
| 650 | _aBiology | ||
| 942 |
_2udc _cBK |
||
| 999 |
_c67804 _d67804 |
||